[Event "Montcalm 1 2007-08"]
[Site "Quebec CAN"]
[Date "2007.09.28"]
[Round "4"]
[White "Cournoyer, Dominic"]
[Black "Lapierre, Gaetan"]
[Result "1-0"]
[WhiteElo "1793"]
[BlackElo "1864"]
[PlyCount "151"]
[GameId "2160767910579358"]
[EventDate "2007.09.06"]
[EventType "swiss"]
[EventRounds "5"]
[EventCountry "CAN"]
[SourceTitle "EXT 2022"]
[Source "ChessBase"]
[SourceDate "2021.10.06"]
[SourceVersion "1"]
[SourceVersionDate "2021.10.06"]
[SourceQuality "1"]

1. c4 g6 2. Nc3 Bg7 3. Nf3 d6 4. g3 e5 5. Bg2 Nf6 6. d4 Nbd7 7. dxe5 dxe5 8. O-O O-O 9. Qc2 c6 10. b3 Re8 11. Bb2 Nf8 12. Rad1 Qc7 13. h3 Ne6 14. Nxe5 Nh5 15. Nd3 Nd4 16. Qd2 Nxg3 17. fxg3 Qxg3 18. Qf4 Qxf4 19. Rxf4 Bf5 20. e4 Be6 21. Kh1 Rad8 22. Rff1 Nc2 23. Rf3 f5 24. e5 Bh6 25. Nc5 Rxd1+ 26. Nxd1 Rd8 27. Rd3 Rxd3 28. Nxd3 Ne3 29. Nxe3 Bxe3 30. Bf3 g5 31. Kg2 g4 32. hxg4 fxg4 33. Be2 h5 34. Bc1 Bxc1 35. Nxc1 h4 36. Nd3 Bf5 37. Nf2 g3 38. Nh3 Bb1 39. a3 Bc2 40. b4 Be4+ 41. Bf3 Bd3 42. c5 Kf7 43. Nf4 Bf5 44. Bh5+ Ke7 45. Kf3 a6 46. Kg2 Kd7 47. Bf7 Ke7 48. Bc4 Ke8 49. Ne2 Ke7 50. Kg1 Be6 51. Bd3 Bg4 52. Nf4 h3 53. Be4 Be6 54. Nh5 g2 55. Nf4 Bg4 56. Kh2 Kf7 57. Bd3 Be6 58. Be2 Bf5 59. Bc4+ Ke7 60. e6 Kf6 61. Nh5+ Ke7 62. Nf4 Kf6 63. Kg1 Kg5 64. e7 Bd7 65. Nxh3+ Kf5 66. Kxg2 Ke4 67. Nf2+ Kd4 68. Bf7 Kc3 69. Ne4+ Kb2 70. Nd6 Kxa3 71. Nxb7 Kxb4 72. e8=Q Bxe8 73. Bxe8 a5 74. Bxc6 Kc4 75. Be8 Kd5 76. c6 1-0

[Event "Montcalm 1 2007-08"]
[Site "Quebec CAN"]
[Date "2007.09.28"]
[Round "4"]
[White "Dumont, Eric"]
[Black "Oliver, Vance"]
[Result "1-0"]
[WhiteElo "1576"]
[BlackElo "1535"]
[PlyCount "105"]
[GameId "2160767910579359"]
[EventDate "2007.09.06"]
[EventType "swiss"]
[EventRounds "5"]
[EventCountry "CAN"]
[SourceTitle "EXT 2022"]
[Source "ChessBase"]
[SourceDate "2021.10.06"]
[SourceVersion "1"]
[SourceVersionDate "2021.10.06"]
[SourceQuality "1"]

1. f4 d6 2. Nf3 g6 3. b3 Bg7 4. Nc3 Nf6 5. Bb2 Nc6 6. e3 O-O 7. Be2 Ne4 8. O-O e6 9. a3 Bd7 10. Qe1 d5 11. d3 Nd6 12. Rb1 Nf5 13. Qd2 Nxe3 14. Qxe3 d4 15. Qd2 dxc3 16. Bxc3 f6 17. Ba1 Ne7 18. d4 Bc6 19. c4 Be4 20. Rbd1 c6 21. Qb4 Qc7 22. Nd2 c5 23. dxc5 Bc6 24. Qc3 Rad8 25. Bg4 Nf5 26. Rde1 Qe7 27. b4 Nd4 28. Qe3 f5 29. Bd1 Qh4 30. Nb3 e5 31. fxe5 Bh6 32. Qg3 Qxg3 33. hxg3 Ne6 34. Bf3 Rd3 35. Bxc6 bxc6 36. Rf3 Rfd8 37. Na5 Ng5 38. Rxd3 Rxd3 39. e6 Ne4 40. Nxc6 Be3+ 41. Kh2 Bf2 42. Rxe4 Bxg3+ 43. Kh3 Bf4+ 44. g3 Rxg3+ 45. Kh2 Rg4+ 46. Rxf4 Rxf4 47. Nxa7 Re4 48. b5 f4 49. Kg2 g5 50. b6 Rxc4 51. c6 Rc2+ 52. Kf3 h5 53. b7 1-0

[Event "Montcalm 1 2007-08"]
[Site "Quebec CAN"]
[Date "2007.09.28"]
[Round "4"]
[White "Moisan, Francois"]
[Black "Beauchemin, Pierre"]
[Result "1-0"]
[WhiteElo "1790"]
[BlackElo "1679"]
[PlyCount "53"]
[GameId "2160767910579360"]
[EventDate "2007.09.06"]
[EventType "swiss"]
[EventRounds "5"]
[EventCountry "CAN"]
[SourceTitle "EXT 2022"]
[Source "ChessBase"]
[SourceDate "2021.10.06"]
[SourceVersion "1"]
[SourceVersionDate "2021.10.06"]
[SourceQuality "1"]

1. e4 d6 2. d4 g6 3. f4 Bg7 4. Nf3 c6 5. Be2 e6 6. O-O Ne7 7. c3 O-O 8. Nbd2 Qc7 9. Qe1 Nd7 10. e5 d5 11. g4 a5 12. Qh4 Re8 13. Ng5 Nf8 14. Rf3 b6 15. Rh3 h6 16. Ngf3 Ba6 17. Bxa6 Rxa6 18. Nf1 c5 19. Qg3 b5 20. f5 exf5 21. Bxh6 fxg4 22. Qxg4 Nf5 23. Bxg7 Kxg7 24. Ng3 Nxg3 25. Qxg3 Qe7 26. Nh4 Qd7 27. Rf1 1-0

[Event "Montcalm 1 2007-08"]
[Site "Quebec CAN"]
[Date "2007.09.28"]
[Round "4"]
[White "Sauve, Richard"]
[Black "Lessard, Claude"]
[Result "0-1"]
[WhiteElo "1983"]
[BlackElo "1983"]
[PlyCount "74"]
[GameId "2160767910579361"]
[EventDate "2007.09.06"]
[EventType "swiss"]
[EventRounds "5"]
[EventCountry "CAN"]
[SourceTitle "EXT 2022"]
[Source "ChessBase"]
[SourceDate "2021.10.06"]
[SourceVersion "1"]
[SourceVersionDate "2021.10.06"]
[SourceQuality "1"]

1. d4 Nf6 2. c4 g6 3. Nc3 Bg7 4. e4 d6 5. f3 O-O 6. Be3 Nc6 7. Qd2 e5 8. Nge2 exd4 9. Nxd4 Re8 10. Be2 Bd7 11. O-O-O a6 12. Kb1 Nxd4 13. Bxd4 b5 14. cxb5 axb5 15. Bxb5 Bxb5 16. Nxb5 Qd7 17. Nc3 Reb8 18. g4 Rb4 19. Nd5 Rxd4 20. Qxd4 Nxg4 21. Qd2 Ne5 22. Rc1 Nxf3 23. Qf2 Qa4 24. Qxf3 Qxa2+ 25. Kc2 Qxb2+ 26. Kd1 Bh6 27. Ne3 Ra3 28. Rc2 Rd3+ 29. Ke1 Qxc2 30. Qxf7+ Kxf7 31. Nxc2 Ke6 32. Rf1 c5 33. Rf2 Bg5 34. Rf8 Rd2 35. h4 Rxc2 36. hxg5 Rc4 37. Kd2 Rxe4 0-1

[Event "Montcalm 1 2007-08"]
[Site "Quebec CAN"]
[Date "2007.10.04"]
[Round "5"]
[White "Caire, Francois"]
[Black "Bonneau, Daniel"]
[Result "1-0"]
[WhiteElo "2222"]
[BlackElo "2007"]
[PlyCount "79"]
[GameId "2160767910579362"]
[EventDate "2007.09.06"]
[EventType "swiss"]
[EventRounds "5"]
[EventCountry "CAN"]
[SourceTitle "EXT 2022"]
[Source "ChessBase"]
[SourceDate "2021.10.06"]
[SourceVersion "1"]
[SourceVersionDate "2021.10.06"]
[SourceQuality "1"]

1. d4 Nf6 2. c4 g6 3. Nc3 Bg7 4. e4 d6 5. Nf3 O-O 6. Be2 e5 7. O-O Nc6 8. d5 Ne7 9. Ne1 Nd7 10. Be3 f5 11. f3 f4 12. Bf2 g5 13. Rc1 Rf6 14. Nd3 Rh6 15. c5 Nf6 16. Nb5 Qe8 17. Nxc7 Qh5 18. h4 gxh4 19. Kh2 Qg5 20. Nxa8 Nh5 21. Qe1 Ng3 22. cxd6 Rxd6 23. Rg1 Rh6 24. Bf1 h3 25. Rxc8+ Nxc8 26. gxh3 Nd6 27. Nc7 Qh5 28. Bxg3 fxg3+ 29. Rxg3 Nf7 30. Ne6 Rg6 31. Rxg6 hxg6 32. Qg3 Bf6 33. Bg2 Nh6 34. Nec5 Nf7 35. Nxb7 Qh6 36. d6 Qd2 37. Qxg6+ Bg7 38. Nbc5 Ng5 39. d7 Nxf3+ 40. Kg3 1-0

[Event "Montcalm 1 2007-08"]
[Site "Quebec CAN"]
[Date "2007.10.04"]
[Round "5"]
[White "Chiffot, Nicolas"]
[Black "Myre, Eric"]
[Result "1-0"]
[WhiteElo "1888"]
[BlackElo "1925"]
[PlyCount "57"]
[GameId "2160767910579363"]
[EventDate "2007.09.06"]
[EventType "swiss"]
[EventRounds "5"]
[EventCountry "CAN"]
[SourceTitle "EXT 2022"]
[Source "ChessBase"]
[SourceDate "2021.10.06"]
[SourceVersion "1"]
[SourceVersionDate "2021.10.06"]
[SourceQuality "1"]

1. d4 d5 2. c4 dxc4 3. Nf3 Nf6 4. e3 e6 5. Bxc4 c5 6. Nc3 a6 7. a3 b5 8. Bd3 Bb7 9. dxc5 Bxc5 10. b4 Bd6 11. Bb2 Qe7 12. O-O O-O 13. Ng5 Rd8 14. Qc2 Bxh2+ 15. Kh1 Ng4 16. Bxh7+ Kf8 17. Nf3 Qf6 18. Bg6 Qxf3 19. Ne4 Rc8 20. Qxc8+ Bxc8 21. gxf3 Be5 22. Bxe5 Nxe5 23. Nd6 Bd7 24. Be4 Nbc6 25. f4 Ng6 26. Rac1 Ke7 27. Bxc6 Rh8+ 28. Kg2 Kxd6 29. Rfd1+ 1-0

[Event "Montcalm 1 2007-08"]
[Site "Quebec CAN"]
[Date "2007.10.04"]
[Round "5"]
[White "Cournoyer, Dominic"]
[Black "Caron, Sebastien"]
[Result "1-0"]
[WhiteElo "1793"]
[BlackElo "1918"]
[PlyCount "99"]
[GameId "2160767910579364"]
[EventDate "2007.09.06"]
[EventType "swiss"]
[EventRounds "5"]
[EventCountry "CAN"]
[SourceTitle "EXT 2022"]
[Source "ChessBase"]
[SourceDate "2021.10.06"]
[SourceVersion "1"]
[SourceVersionDate "2021.10.06"]
[SourceQuality "1"]

1. c4 g6 2. Nc3 Bg7 3. g3 Nf6 4. Bg2 d6 5. Nf3 O-O 6. O-O c6 7. Rb1 e5 8. d3 Nbd7 9. Nd2 Rb8 10. b4 Qc7 11. b5 Nb6 12. Ba3 c5 13. Bb2 Be6 14. a4 Nc8 15. Nde4 Nxe4 16. Bxe4 Ne7 17. Bg2 f5 18. f4 exf4 19. Rxf4 g5 20. Rf1 Rbd8 21. Qd2 h6 22. e4 fxe4 23. Nxe4 d5 24. Bxg7 Kxg7 25. Qb2+ d4 26. Qe2 Bg8 27. Qg4 Qe5 28. Rxf8 Kxf8 29. Rf1+ Kg7 30. Qf3 Ng6 31. Qf6+ Qxf6 32. Nxf6 b6 33. Nh5+ Kh8 34. Rf6 Bh7 35. Be4 Rf8 36. Rxg6 Bxg6 37. Bxg6 a6 38. Be4 axb5 39. axb5 Rf7 40. Kg2 Ra7 41. Nf6 Ra2+ 42. Kf3 Rxh2 43. Nd5 Kg7 44. Nxb6 Kf6 45. Nd7+ Ke6 46. Nxc5+ Ke5 47. g4 Rh3+ 48. Kg2 Re3 49. b6 Kf4 50. Kf1 1-0

[Event "Montcalm 1 2007-08"]
[Site "Quebec CAN"]
[Date "2007.10.04"]
[Round "5"]
[White "Espanol Echevarria, Emmanuel"]
[Black "Moisan, Francois"]
[Result "1-0"]
[WhiteElo "2044"]
[BlackElo "1790"]
[PlyCount "67"]
[GameId "2160767910579365"]
[EventDate "2007.09.06"]
[EventType "swiss"]
[EventRounds "5"]
[EventCountry "CAN"]
[SourceTitle "EXT 2022"]
[Source "ChessBase"]
[SourceDate "2021.10.06"]
[SourceVersion "1"]
[SourceVersionDate "2021.10.06"]
[SourceQuality "1"]

1. Nf3 Nf6 2. c4 g6 3. g3 Bg7 4. Bg2 c6 5. Nc3 d6 6. O-O O-O 7. d3 Na6 8. Rb1 Rb8 9. b4 Bd7 10. a4 Qc8 11. b5 Nc5 12. Ng5 h6 13. Nge4 Nfxe4 14. Nxe4 Bh3 15. Nxc5 Bxg2 16. Kxg2 dxc5 17. b6 f5 18. Ba3 axb6 19. Rxb6 f4 20. Bxc5 fxg3 21. hxg3 Rf7 22. Qb3 Qf5 23. Be3 Qd7 24. a5 Ra8 25. Rxb7 Qf5 26. Rb8+ Rxb8 27. Qxb8+ Kh7 28. Qb4 h5 29. Qc5 Qd7 30. a6 Rf5 31. Qb6 h4 32. a7 Rh5 33. Rh1 Qf5 34. a8=Q 1-0

[Event "Montcalm 1 2007-08"]
[Site "Quebec CAN"]
[Date "2007.10.04"]
[Round "5"]
[White "Sauve, Richard"]
[Black "Dube, Dominic"]
[Result "1-0"]
[WhiteElo "1793"]
[BlackElo "1918"]
[PlyCount "36"]
[GameId "2160767910579367"]
[EventDate "2007.09.06"]
[EventType "swiss"]
[EventRounds "5"]
[EventCountry "CAN"]
[SourceTitle "EXT 2022"]
[Source "ChessBase"]
[SourceDate "2021.10.06"]
[SourceVersion "1"]
[SourceVersionDate "2021.10.06"]
[SourceQuality "1"]

1. d4 c6 2. c4 d5 3. e3 Nf6 4. Nc3 e6 5. Nf3 Be7 6. Be2 O-O 7. O-O b6 8. b3 Bb7 9. Bb2 c5 10. cxd5 Nxd5 11. dxc5 Bxc5 12. Nxd5 Qxd5 13. Qc2 Ba6 14. Rfd1 Qb7 15. Ng5 g6 16. Bf3 Nc6 17. b4 h6 18. Nxe6 Rfe8 1-0

[Event "Montcalm 2 2007-08"]
[Site "Quebec CAN"]
[Date "2007.10.11"]
[Round "1"]
[White "Bonneau, Daniel"]
[Black "Cournoyer, Dominic"]
[Result "1/2-1/2"]
[WhiteElo "1996"]
[BlackElo "1953"]
[PlyCount "102"]
[GameId "2160767910578889"]
[EventDate "2007.10.11"]
[EventType "swiss"]
[EventRounds "5"]
[EventCountry "CAN"]
[SourceTitle "EXT 2022"]
[Source "ChessBase"]
[SourceDate "2021.10.06"]
[SourceVersion "1"]
[SourceVersionDate "2021.10.06"]
[SourceQuality "1"]

1. d4 d5 2. c4 c6 3. Nf3 Nf6 4. Nc3 h6 5. Qc2 Bg4 6. Ne5 e6 7. Nxg4 Nxg4 8. Bf4 Bd6 9. Bg3 O-O 10. e3 Re8 11. Be2 Nf6 12. O-O Bxg3 13. hxg3 Nbd7 14. f4 c5 15. b3 Rc8 16. Qd3 dxc4 17. bxc4 cxd4 18. exd4 Nb6 19. c5 Nbd5 20. Nb5 Ra8 21. Nd6 Re7 22. Rab1 b6 23. Rfc1 Rd7 24. Bf3 Rb8 25. Qa3 Ne8 26. Nxe8 Qxe8 27. c6 Rc7 28. Bxd5 exd5 29. Qd6 Qd8 30. Qe5 Rbc8 31. Rb5 Rxc6 32. Rxc6 Rxc6 33. Rxd5 Qc8 34. Qe7 Rc1+ 35. Kh2 Qe6 36. Rd8+ Kh7 37. Qf8 Qf5 38. Qg8+ Kg6 39. Rd6+ f6 40. Rd5 Rc8 41. Rxf5 Rxg8 42. Rd5 Re8 43. Rd7 a5 44. a4 Rc8 45. Rd6 Rc4 46. d5 Rxa4 47. Rxb6 Rd4 48. d6 a4 49. Ra6 Kf5 50. d7 Rxd7 51. Rxa4 Rd3 1/2-1/2

[Event "Montcalm 2 2007-08"]
[Site "Quebec CAN"]
[Date "2007.10.11"]
[Round "1"]
[White "Caire, Francois"]
[Black "Auger, Bertrand"]
[Result "1-0"]
[WhiteElo "2229"]
[BlackElo "2031"]
[PlyCount "63"]
[GameId "2160767910578890"]
[EventDate "2007.10.11"]
[EventType "swiss"]
[EventRounds "5"]
[EventCountry "CAN"]
[SourceTitle "EXT 2022"]
[Source "ChessBase"]
[SourceDate "2021.10.06"]
[SourceVersion "1"]
[SourceVersionDate "2021.10.06"]
[SourceQuality "1"]

1. d4 e6 2. c4 Nf6 3. Nf3 b6 4. g3 Bb7 5. Bg2 Be7 6. Nc3 O-O 7. O-O Ne4 8. Qc2 Nxc3 9. Qxc3 Be4 10. Bf4 a5 11. Rfd1 f5 12. d5 Bf6 13. Be5 exd5 14. cxd5 Bxf3 15. Bxf3 d6 16. Bxf6 Rxf6 17. Rac1 Na6 18. b3 Qd7 19. a3 Re8 20. Qc4 Qc8 21. e3 Re7 22. b4 axb4 23. axb4 Nb8 24. Rd2 Qe8 25. Rdc2 Rf8 26. Bg2 g5 27. Ra2 h5 28. h4 g4 29. Ra7 Rff7 30. Qf4 Qc8 31. Qxd6 Na6 32. Qxb6 1-0

[Event "Montcalm 2 2007-08"]
[Site "Quebec CAN"]
[Date "2007.10.11"]
[Round "1"]
[White "Caron, Sebastien"]
[Black "Cummins, Paul"]
[Result "1-0"]
[WhiteElo "1931"]
[BlackElo "1736"]
[PlyCount "59"]
[GameId "2160767910578891"]
[EventDate "2007.10.11"]
[EventType "swiss"]
[EventRounds "5"]
[EventCountry "CAN"]
[SourceTitle "EXT 2022"]
[Source "ChessBase"]
[SourceDate "2021.10.06"]
[SourceVersion "1"]
[SourceVersionDate "2021.10.06"]
[SourceQuality "1"]

1. e4 c5 2. Nf3 d6 3. d4 cxd4 4. Nxd4 Nf6 5. Nc3 g6 6. f3 Bg7 7. Be3 Nc6 8. Qd2 O-O 9. O-O-O Bd7 10. Kb1 Qb8 11. Bh6 Rc8 12. Bxg7 Kxg7 13. Nd5 Nxd5 14. exd5 Ne5 15. f4 Ng4 16. f5 Rc5 17. fxg6 hxg6 18. Re1 Qf8 19. Nb3 Rc7 20. h4 e5 21. dxe6 fxe6 22. Be2 e5 23. h5 Qe7 24. hxg6 Rh8 25. Bxg4 Bxg4 26. Rxh8 Kxh8 27. Rh1+ Kg8 28. Qh6 Qg7 29. Qg5 Qd7 30. Qf6 1-0

[Event "Montcalm 2 2007-08"]
[Site "Quebec CAN"]
[Date "2007.10.11"]
[Round "1"]
[White "Chiffot, Nicolas"]
[Black "Beauchemin, Pierre"]
[Result "1-0"]
[WhiteElo "1918"]
[BlackElo "1668"]
[PlyCount "43"]
[GameId "2160767910578892"]
[EventDate "2007.10.11"]
[EventType "swiss"]
[EventRounds "5"]
[EventCountry "CAN"]
[SourceTitle "EXT 2022"]
[Source "ChessBase"]
[SourceDate "2021.10.06"]
[SourceVersion "1"]
[SourceVersionDate "2021.10.06"]
[SourceQuality "1"]

1. d4 Nf6 2. c4 g6 3. Nc3 Bg7 4. Nf3 d6 5. g3 c6 6. Bg2 O-O 7. O-O Nbd7 8. h3 Rb8 9. e4 e5 10. Be3 b6 11. Qc2 Qe7 12. Qa4 a6 13. Qxc6 Bb7 14. Qa4 Nxe4 15. Nxe4 Bxe4 16. dxe5 dxe5 17. Qxa6 Bxf3 18. Bxf3 e4 19. Bg2 Bxb2 20. Rab1 Bg7 21. Rfd1 f5 22. Bf4 1-0

[Event "Montcalm 2 2007-08"]
[Site "Quebec CAN"]
[Date "2007.10.11"]
[Round "1"]
[White "Myre, Eric"]
[Black "Lapierre, Gaetan"]
[Result "1-0"]
[WhiteElo "1927"]
[BlackElo "1847"]
[PlyCount "51"]
[GameId "2160767910578893"]
[EventDate "2007.10.11"]
[EventType "swiss"]
[EventRounds "5"]
[EventCountry "CAN"]
[SourceTitle "EXT 2022"]
[Source "ChessBase"]
[SourceDate "2021.10.06"]
[SourceVersion "1"]
[SourceVersionDate "2021.10.06"]
[SourceQuality "1"]

1. d4 d5 2. c4 c6 3. Nc3 Nf6 4. Nf3 e6 5. cxd5 cxd5 6. Bf4 a6 7. e3 Be7 8. Bd3 O-O 9. Ne5 b5 10. g4 b4 11. Ne2 Ne4 12. Qc2 f5 13. f3 Bb7 14. Bg3 Qa5 15. O-O Rc8 16. Qd1 Nxg3 17. hxg3 fxg4 18. Nf4 Nc6 19. Nxc6 Rxc6 20. Qe2 gxf3 21. Qxf3 Bf6 22. Qh5 h6 23. Qg6 Rf8 24. Nh5 e5 25. Qh7+ Kf7 26. Qxg7+ 1-0

[Event "Montcalm 2 2007-08"]
[Site "Quebec CAN"]
[Date "2007.10.11"]
[Round "1"]
[White "Tremblay, Rejean"]
[Black "Sauve, Richard"]
[Result "1-0"]
[WhiteElo "2245"]
[BlackElo "1956"]
[PlyCount "55"]
[GameId "2160767910578894"]
[EventDate "2007.10.11"]
[EventType "swiss"]
[EventRounds "5"]
[EventCountry "CAN"]
[SourceTitle "EXT 2022"]
[Source "ChessBase"]
[SourceDate "2021.10.06"]
[SourceVersion "1"]
[SourceVersionDate "2021.10.06"]
[SourceQuality "1"]

1. d4 e6 2. e4 d5 3. Nd2 Nf6 4. e5 Nfd7 5. f4 c5 6. c3 Nc6 7. Ndf3 f6 8. g3 cxd4 9. cxd4 Qb6 10. Bh3 Bb4+ 11. Kf1 fxe5 12. fxe5 O-O 13. Kg2 Ndxe5 14. dxe5 Nxe5 15. Qe2 Nxf3 16. Nxf3 e5 17. Bxc8 Raxc8 18. Nxe5 Qe6 19. Bf4 Rf5 20. Rhc1 Rxc1 21. Rxc1 Bd6 22. Re1 g5 23. Ng4 Qxe2+ 24. Rxe2 Bf8 25. Bb8 d4 26. Bxa7 d3 27. Rd2 Ra5 28. Bd4 1-0

[Event "Montcalm 2 2007-08"]
[Site "Quebec CAN"]
[Date "2007.10.18"]
[Round "2"]
[White "Beauchemin, Pierre"]
[Black "Lapierre, Gaetan"]
[Result "1-0"]
[WhiteElo "1668"]
[BlackElo "1847"]
[PlyCount "149"]
[GameId "2160767910578895"]
[EventDate "2007.10.11"]
[EventType "swiss"]
[EventRounds "5"]
[EventCountry "CAN"]
[SourceTitle "EXT 2022"]
[Source "ChessBase"]
[SourceDate "2021.10.06"]
[SourceVersion "1"]
[SourceVersionDate "2021.10.06"]
[SourceQuality "1"]

1. Nf3 Nf6 2. g3 b6 3. Bg2 Bb7 4. O-O d6 5. d3 e5 6. e4 Nbd7 7. h3 g6 8. Be3 Bg7 9. c4 O-O 10. Nc3 Ne8 11. Ne1 f5 12. f4 Nc5 13. Rc1 Ne6 14. Kh2 g5 15. exf5 Bxg2 16. Nxg2 gxf4 17. gxf4 Nxf4 18. Nxf4 exf4 19. Bxf4 Rxf5 20. Qe2 Rxf4 21. Rxf4 Be5 22. Qg4+ Ng7 23. Kh1 Bxf4 24. Qxf4 Qf8 25. Rf1 Qxf4 26. Rxf4 Ne6 27. Rg4+ Kf7 28. Kg2 h5 29. Re4 Rg8+ 30. Kf2 Rg5 31. b4 Rf5+ 32. Kg3 c6 33. Re2 Nd4 34. Rd2 Rf3+ 35. Kg2 h4 36. Ne4 Ke7 37. a4 d5 38. cxd5 cxd5 39. Nf2 Rg3+ 40. Kf1 a5 41. bxa5 bxa5 42. Rb2 Kd6 43. Rb6+ Kc5 44. Rh6 Nf5 45. Rh5 Rf3 46. Rg5 Kd4 47. Rg4+ Ke3 48. Rg2 Ng3+ 49. Ke1 Kd4 50. Kd2 Nf1+ 51. Ke2 Nh2 52. Rxh2 Re3+ 53. Kd2 Re8 54. Rg2 Rb8 55. Rg4+ Kc5 56. Rxh4 d4 57. Rh5+ Kc6 58. Rxa5 Rb2+ 59. Ke1 Ra2 60. Kf1 Kd6 61. Kg2 Ke6 62. h4 Kf6 63. Ra8 Kg6 64. a5 Kh5 65. Kg3 Re2 66. a6 Re3+ 67. Kf4 Re2 68. Ne4 Re1 69. a7 Rf1+ 70. Ke5 Kxh4 71. Rh8+ Kg4 72. Rh4+ Kxh4 73. a8=Q Kh3 74. Qh8+ Kg2 75. Qg7+ 1-0

[Event "Montcalm 2 2007-08"]
[Site "Quebec CAN"]
[Date "2007.10.18"]
[Round "2"]
[White "Bonneau, Daniel"]
[Black "Tremblay, Rejean"]
[Result "0-1"]
[WhiteElo "1996"]
[BlackElo "2245"]
[PlyCount "62"]
[GameId "2160767910578896"]
[EventDate "2007.10.11"]
[EventType "swiss"]
[EventRounds "5"]
[EventCountry "CAN"]
[SourceTitle "EXT 2022"]
[Source "ChessBase"]
[SourceDate "2021.10.06"]
[SourceVersion "1"]
[SourceVersionDate "2021.10.06"]
[SourceQuality "1"]

1. e4 c5 2. Nf3 d6 3. d4 cxd4 4. Nxd4 Nf6 5. Nc3 a6 6. Bc4 e6 7. Bb3 b5 8. O-O Bb7 9. Re1 Qc7 10. Bg5 Nbd7 11. f4 Be7 12. Kh1 b4 13. Nd5 exd5 14. exd5 Kf8 15. Nf5 Bd8 16. Re3 h6 17. Bh4 g6 18. Nd4 Nc5 19. Qe2 Nxb3 20. axb3 Bxd5 21. Re1 Kg7 22. c4 bxc3 23. bxc3 Qd7 24. c4 Bb7 25. Qb2 Kh7 26. Nf3 Ne4 27. Bxd8 Raxd8 28. Ng5+ Nxg5 29. Re7 Rhe8 30. Qf6 Rxe7 31. Rxe7 Re8 0-1

[Event "Montcalm 2 2007-08"]
[Site "Quebec CAN"]
[Date "2007.10.18"]
[Round "2"]
[White "Chiffot, Nicolas"]
[Black "Caron, Sebastien"]
[Result "1/2-1/2"]
[WhiteElo "1918"]
[BlackElo "1931"]
[PlyCount "75"]
[GameId "2160767910578897"]
[EventDate "2007.10.11"]
[EventType "swiss"]
[EventRounds "5"]
[EventCountry "CAN"]
[SourceTitle "EXT 2022"]
[Source "ChessBase"]
[SourceDate "2021.10.06"]
[SourceVersion "1"]
[SourceVersionDate "2021.10.06"]
[SourceQuality "1"]

1. e4 c5 2. Nf3 d6 3. d4 cxd4 4. Nxd4 Nf6 5. Nc3 a6 6. g3 e5 7. Nde2 b5 8. Bg2 Nbd7 9. h3 Bb7 10. Nd5 Nxd5 11. exd5 Be7 12. g4 Bh4 13. O-O h5 14. Ng3 hxg4 15. Nf5 Qf6 16. Qxg4 g6 17. Nxh4 Qxh4 18. Qxh4 Rxh4 19. Be3 f5 20. Bg5 Rh5 21. f4 e4 22. Rfd1 Nb6 23. b3 Rc8 24. c4 bxc4 25. bxc4 Nxc4 26. Rab1 Ne3 27. Rd4 Nxg2 28. Kxg2 Rc2+ 29. Kg3 Rc3+ 30. Kg2 Rcxh3 31. Rxb7 Rh2+ 32. Kg1 Rh1+ 33. Kg2 R5h2+ 34. Kg3 Rh3+ 35. Kg2 R1h2+ 36. Kg1 Rh1+ 37. Kg2 R3h2+ 38. Kg3 1/2-1/2

[Event "Montcalm 2 2007-08"]
[Site "Quebec CAN"]
[Date "2007.10.18"]
[Round "2"]
[White "Cournoyer, Dominic"]
[Black "Auger, Bertrand"]
[Result "1/2-1/2"]
[WhiteElo "1953"]
[BlackElo "2031"]
[PlyCount "71"]
[GameId "2160767910578898"]
[EventDate "2007.10.11"]
[EventType "swiss"]
[EventRounds "5"]
[EventCountry "CAN"]
[SourceTitle "EXT 2022"]
[Source "ChessBase"]
[SourceDate "2021.10.06"]
[SourceVersion "1"]
[SourceVersionDate "2021.10.06"]
[SourceQuality "1"]

1. c4 Nf6 2. Nc3 e5 3. Nf3 Nc6 4. g3 Be7 5. Bg2 O-O 6. O-O d6 7. d3 Re8 8. a3 Bf8 9. Nd2 Bg4 10. h3 Bh5 11. b4 Qd7 12. b5 Nd8 13. Bb2 c6 14. a4 Ne6 15. Re1 Nc5 16. Qc2 d5 17. cxd5 cxd5 18. Kh2 Rac8 19. Qb1 d4 20. Nce4 Nfxe4 21. Nxe4 Nb3 22. Ra2 f5 23. Ng5 h6 24. Nf3 e4 25. dxe4 fxe4 26. Nxd4 Nxd4 27. Rd1 Bc5 28. Bxd4 Bxd4 29. Rad2 Qf7 30. Rxd4 Qxf2 31. Rxe4 Rxe4 32. Qxe4 Re8 33. Qd5+ Bf7 34. Qf3 Rxe2 35. Qxf2 Rxf2 36. Kg1 1/2-1/2

[Event "Montcalm 2 2007-08"]
[Site "Quebec CAN"]
[Date "2007.10.18"]
[Round "2"]
[White "Cummins, Paul"]
[Black "Myre, Eric"]
[Result "1/2-1/2"]
[WhiteElo "1736"]
[BlackElo "1927"]
[PlyCount "89"]
[GameId "2160767910578899"]
[EventDate "2007.10.11"]
[EventType "swiss"]
[EventRounds "5"]
[EventCountry "CAN"]
[SourceTitle "EXT 2022"]
[Source "ChessBase"]
[SourceDate "2021.10.06"]
[SourceVersion "1"]
[SourceVersionDate "2021.10.06"]
[SourceQuality "1"]

1. e4 c5 2. Nf3 Nc6 3. d4 cxd4 4. Nxd4 g6 5. Nc3 Bg7 6. Be3 Nf6 7. f3 O-O 8. Bc4 Qb6 9. O-O Qxb2 10. Nce2 Qb4 11. Bb3 b6 12. Rb1 Qa5 13. Re1 Ba6 14. Nxc6 dxc6 15. c4 Rfd8 16. Qc1 Rd7 17. c5 Bd3 18. Bc2 Bb5 19. Bb3 Rad8 20. cxb6 axb6 21. Kh1 c5 22. Nc3 Bd3 23. Ra1 Ne8 24. Bd2 Ba6 25. Nd5 Qb5 26. Rb1 e6 27. a4 Qd3 28. Bc2 Qd4 29. Be3 Qe5 30. Nxb6 Rb7 31. a5 Qc3 32. Na4 Rxb1 33. Qxb1 Qxa5 34. Bxc5 Rb8 35. Bb6 Qg5 36. Qd1 Bb5 37. Be3 Qe7 38. Nc5 Bc3 39. Rg1 Ra8 40. Qb1 Nd6 41. Qb3 Bf6 42. f4 Nc4 43. e5 Nxe3 44. Qxe3 Bg7 45. Be4 1/2-1/2